000 01698nam a2200361 c 4500
003 BLK
005 20250516131607.0
008 180408b bul|||||r ||||||| ||bul||
010 _aKNG00070232000
020 _a954-642-214-2
_bиздат.: Пенсофт
040 _aBLK
041 _aBUL
_cBUL
080 _aВредители на растенията. Болести. Защита
_b632
_x
_z632
080 _aБолести на растенията (без болести на селскостопанските растения). Фитопатология. Тератология. Подразделя се аналогично на 632
_b581.2
_x
_z581.2
100 1 _aСтанчева, Йорданка Мирчева
_eпърви автор
_9270167
139 _aСтанчева, Йорданка Мирчева
_bС 70
245 1 0 _aОбща патология на растенията
_cЙорданка Мирчева Станчева.
257 _aBGR
260 София
_bПенсофт
_c2004
_fСофия : Унив. изд. Св. Климент Охридски
300 _a534 с.
_c24 см
380 _a63
500 _aСъдържа и Речник на термините. - Офс. изд. - Библиогр. с. 531-534.
650 4 _aРастения - болести и вредители
_9288159
650 4 _aФитопатология
_9175863
653 _aрастителна защита
653 _aфитопатология
852 _aЦб 230585
856 4 _qpdf
_u
856 4 _qpdf
_u
942 _cKNG
_n0
_06
944 _aCR
_c27.12.2006
_lРусанова Ирена
_k30542
944 _aED
_c17.12.2012
_lф /
_k
999 _c65948
_d65948